TB. OF MEDICAL PHYSIOLOGY (Record no. 14103)

MARC details
000 -LEADER
fixed length control field 00297nam a22001457a 4500
003 - CONTROL NUMBER IDENTIFIER
control field SGT
082 ## - DEWEY DECIMAL CLASSIFICATION NUMBER
Classification number 612
Item number M16P
100 ## - MAIN ENTRY--PERSONAL NAME
Personal name PAL, G.K.
245 ## - TITLE STATEMENT
Title TB. OF MEDICAL PHYSIOLOGY
250 ## - EDITION STATEMENT
Edition statement 2ND
260 ## - PUBLICATION, DISTRIBUTION, ETC. (IMPRINT)
Place of publication, distribution, etc INDIA
Name of publisher, distributor, etc AHUJA
Year of Publication 2016
300 ## - PAGE DESCRIPTION
No. of Pages 1101
650 ## - SUBJECT ADDED ENTRY--TOPICAL TERM
Topical term or geographic name as entry element PHYSIOLOGY
942 ## - ADDED ENTRY ELEMENTS (KOHA)
Source of classification or shelving scheme Dewey Decimal Classification
Koha item type Books
942 ## - ADDED ENTRY ELEMENTS (KOHA)
-- 38
Holdings
Withdrawn status Lost status Source of classification or shelving scheme Damaged status Not for loan Collection code Home library Current library Shelving location Date acquired Vendor Name Cost, normal purchase price SGTU Bill Number Total Checkouts Full call number Accession No. (Barcode) Date last seen Date last borrowed Bill Date Koha item type Total Renewals
    Dewey Decimal Classification     MEDICAL SGT Medical Library SGT Medical Library Text Book 21/12/2017 ABC DELHI 1225.00 SGTU 8923 14 612 M16P FM10101 15/04/2026 31/03/2026   Books  
    Dewey Decimal Classification     MEDICAL SGT Medical Library SGT Medical Library Text Book 21/12/2017 ABC DELHI 1225.00 SGTU 8923 11 612 M16P FM10102 23/05/2024 08/05/2024   Books  
    Dewey Decimal Classification     MEDICAL SGT Medical Library SGT Medical Library Text Book 21/12/2017 ABC DELHI 1225.00 SGTU 8923 17 612 M16P FM10103 07/12/2023 28/11/2023   Books 1
    Dewey Decimal Classification     MEDICAL SGT Medical Library SGT Medical Library Text Book 21/12/2017 ABC DELHI 1225.00 SGTU 8923 14 612 M16P FM10104 14/06/2023 02/06/2023   Books  
    Dewey Decimal Classification     MEDICAL SGT Medical Library SGT Medical Library Text Book 21/12/2017 ABC DELHI 1225.00 SGTU 8923 12 612 M16P FM10105 27/11/2025 27/11/2025   Books